| 000 | 00968nam a22003614a 4500 | ||
|---|---|---|---|
| 001 | UByD003415 | ||
| 003 | AR-LpoUNG | ||
| 005 | 20241202121900.0 | ||
| 008 | 241202s2015 ag 010 0dspa d | ||
| 020 | _a9789505638376 | ||
| 040 |
_aAR-LpoUNG _bspa _cAR-LpoUNG _eaacr |
||
| 041 | 0 | _aspa | |
| 082 | 0 | _a982.065 454ren | |
| 100 | 1 | _aAlonso, Alejandro | |
| 245 | 1 | 4 |
_aLos rengos de Perón : _bcrónica de un militante del Frente de Lisiados Peronistas |
| 250 | _a1ra. ed. | ||
| 260 |
_aBuenos Aires : _bColihue, _c2015. |
||
| 300 | _a203 p. | ||
| 650 | 4 | _aHISTORIA POLITICA | |
| 650 | 4 | _aHISTORIA ARGENTINA | |
| 650 | 4 | _aPERONISMO | |
| 650 | 4 | _aDICTADURA | |
| 650 | 4 | _aVIOLENCIA POLITICA | |
| 650 | 4 | _aTESTIMONIO | |
| 650 | 4 | _aDISCAPACIDAD | |
| 650 | 4 | _aDERECHOS CIVILES | |
| 650 | 4 | _aPARTICIPACION POLITICA | |
| 650 | 4 | _aMILITANTES | |
| 650 | 4 | _aREPRESION | |
| 651 | 4 | _aARGENTINA | |
| 700 | 1 | _aCuenya, Héctor Ramón | |
| 942 |
_2ddc _cLIB |
||
| 999 |
_c66091 _d66091 |
||